Catálogo público

Reporte del viaje de estudios a la región del Bajo Papaloapan, Veracruz / (Record no. 209600)

MARC details
000 -CABECERA
campo de control de longitud fija 01506nam a2200373 a 4500
001 - NÚMERO DE CONTROL
campo de control dia_5577
003 - IDENTIFICADOR DEL NÚMERO DE CONTROL
campo de control CHAP
005 - FECHA Y HORA DE LA ÚLTIMA TRANSACCIÓN
campo de control 20250820111443.0
007 - CAMPO FIJO DE DESCRIPCIÓN FÍSICA--INFORMACIÓN GENERAL
campo de control de longitud fija ta
008 - DATOS DE LONGITUD FIJA--INFORMACIÓN GENERAL
campo de control de longitud fija 220601s1994 mx a f 001 0 spa d
040 ## - FUENTE DE LA CATALOGACIÓN
Centro catalogador/agencia de origen mxchpua
090 ## - LOCALMENTE ASIGNADO TIPO-LC NÚMERO DE CLASIFICACIÓN (OCLC); NÚMERO DE CLASIFICACIÓN LOCAL (RLIN)
Número de clasificación (OCLC) (R) ; Numero de clasificación, CALL (RLIN) (NR) T.C.184
Número cutter local (OCLC) ; Número de libro/Signatura topográfica íntegra, CALL (RLIN) S26 IAI
Año 1994
245 10 - MENCIÓN DE TÍTULO
Título Reporte del viaje de estudios a la región del Bajo Papaloapan, Veracruz /
Mención de responsabilidad, etc. coordinador Víctor Sánchez Peña y Mario García Betancourt ; colaborador Oscar Carpanta Mata...[et al.]
260 ## - PUBLICACIÓN, DISTRIBUCIÓN, ETC.
Lugar de publicación, distribución, etc. México :
Nombre del editor, distribuidor, etc. El autor
Fecha de publicación, distribución, etc. 1994
300 ## - DESCRIPCIÓN FÍSICA
Extensión 71 hojas :
Otras características físicas ilustraciones, tablas, diagramas
336 ## - TIPO DE CONTENIDO
Fuente rdacontent
Término de tipo de contenido texto
Código de tipo de contenido txt
337 ## - TIPO DE MEDIO
Fuente rdamedia
Nombre/término del tipo de medio sin medio
Código del tipo de medio n
338 ## - TIPO DE SOPORTE
Fuente rdacarrier
Nombre/término del tipo de soporte volumen
Código del tipo de soporte nc
500 ## - NOTA GENERAL
Nota general Grado : 5° año
502 ## - NOTA DE TESIS
Nota de tesis Viaje de Estudios
Tipo de título (IAI) --
Nombre de la institución que otorga el título UACh. Departamento de Ingeniería Agroindustrial,
Año de obtención del título 1994
505 ## - NOTA DE CONTENIDO CON FORMATO
Nota de contenido con formato Visitas --<br/>1. Empacadora Dos Rios --<br/>2.COASIA \ 3.Empacadora los Tigres --<br/>3.Empacadora Los tigres -- <br/>4.VALPAC --<br/>5.Tropi - Fruc --<br/>6. Productos Santa Monica --<br/>7.Productos Loma Bonita
650 17 - PUNTO DE ACCESO ADICIONAL DE MATERIA--TÉRMINO DE MATERIA
Término de materia o nombre geográfico como elemento de entrada Piña (Ananas comosus)
9 (RLIN) 88387
650 13 - PUNTO DE ACCESO ADICIONAL DE MATERIA--TÉRMINO DE MATERIA
Término de materia o nombre geográfico como elemento de entrada Sandía
9 (RLIN) 102056
650 13 - PUNTO DE ACCESO ADICIONAL DE MATERIA--TÉRMINO DE MATERIA
Término de materia o nombre geográfico como elemento de entrada Chile (Botánica)
9 (RLIN) 22341
650 13 - PUNTO DE ACCESO ADICIONAL DE MATERIA--TÉRMINO DE MATERIA
Término de materia o nombre geográfico como elemento de entrada Pineapples
9 (RLIN) 156404
650 13 - PUNTO DE ACCESO ADICIONAL DE MATERIA--TÉRMINO DE MATERIA
Término de materia o nombre geográfico como elemento de entrada Watermelons
9 (RLIN) 152879
700 1# - PUNTO DE ACCESO ADICIONAL--NOMBRE DE PERSONA
Nombre de persona Sánchez Peña, José Víctor
9 (RLIN) 107749
Término indicativo de función/relación coordinador
700 1# - PUNTO DE ACCESO ADICIONAL--NOMBRE DE PERSONA
Nombre de persona Carpanta Mata, Oscar
Término indicativo de función/relación colaborador
9 (RLIN) 19272
942 ## - ELEMENTOS DE PUNTO DE ACCESO ADICIONAL (KOHA)
Fuente del sistema de clasificación o colocación Clasificación Universidad Autónoma de Chapingo
650 17 - PUNTO DE ACCESO ADICIONAL DE MATERIA--TÉRMINO DE MATERIA
Fuente del encabezamiento o término
901 ## - ELEMENTOS DE DATOS A LOCAL LDA (RLIN)
a T.C.184 S26 IAI 1994
902 ## - ELEMENTOS DE DATOS B LOCAL, LDB (RLIN)
a M
905 ## - ELEMENTOS DE DATOS E LOCAL, LDE (RLIN)
a 5332271994 mx ni 8223123322spa16
942 ## - ELEMENTOS DE PUNTO DE ACCESO ADICIONAL (KOHA)
Tipo de ítem Koha Viaje de Estudios
Holdings
Estado de retiro Estado de pérdida Fuente del sistema de clasificación o colocación Estado dañado Restricciones de uso No para préstamo Código de colección Localización permanente Ubicación/localización actual Fecha de adquisición Fuente de adquisición Total de préstamos Signatura topográfica completa Código de barras Fecha visto por última vez Número de copia Precio válido a partir de Tipo de ítem Koha
    Clasificación Universidad Autónoma de Chapingo   Préstamo interno   Viajes de Estudio Ingenieria Agroindustrial Ingenieria Agroindustrial 01/06/2022 El autor   T.C.184 S26 IAI 1994 1106008228 26/01/2026 Ej.1 01/06/2022 Viaje de Estudios